8 Scenes, 1 Movie! XIII Quiz Stats

Quiz Updated Oct 25, 2017

Challenge
Share
Tweet
Score 0/25 Timer 10:00
29 Plays Today
% Correct
Beauty and the Beast
92.7%
The Polar Express
81.8%
The Breakfast Club
78.4%
Scream
75.1%
Kill Bill Vol.2
74.3%
Signs
70.8%
Megamind
66.7%
Goldfinger
64.4%
Fantastic Beasts and Where to Find Them
59.6%
Mamma Mia!
56.5%
The Bourne Identity
55.1%
Memento
54.8%
The Green Mile
54.6%
% Correct
The Imitation Game
54.3%
Rogue One: A Star Wars Story
52.7%
Doctor Strange
51.2%
Die Hard
51%
Flash Gordon
44.3%
Bridget Jones's Diary
43.2%
Daredevil
42.9%
The Godfather: Part II
40.3%
Dark Shadows
34.1%
Cape Fear
33.9%
Mr. & Mrs. Smith
33%
After Earth
23.6%

You're not logged in!

Compare scores with friends on all Sporcle quizzes.
Sign Up with Email
OR
Log In

You Might Also Like...

Show Comments

Extras

Top Quizzes Today


Score Distribution

Your Account Isn't Verified!

In order to create a playlist on Sporcle, you need to verify the email address you used during registration. Go to your Sporcle Settings to finish the process.